000 00917nam1a22002171i 4500
001 v19\rc\1426884
005 20240726004649.0
035 _a(NLR Aleph) 004574789
090 _a2450295
_c2450295
100 _a20060620d1852 |||y0rusy50 ca
101 0 _arus
102 _aRU
105 _a j |||||
200 1 _aПубличные лекции технологии, читанные в Императорском Казанском университете в 1851-1852 году экстра-ординарным профессором технологии Модестом Киттары, доктором естественных наук ...
_eВып. 1-
210 _aКазань
_cУнив. тип.
_d1852
215 _d27
700 1 _aКиттары
_bМ.Я.
_f1825-1880
_gМодест Яковлевич
801 0 _aRU
_bNLR
_gpsbo
801 1 _aRU
_bProSoft-M
_2rusmarc
852 _aNLR
_j18.50.2.42
942 _cBOOK